00313nam a2200133Ia 4500008004100000020001500041041001200056100001400068245004000082250000800122260003300130300000800163650000800171221030s9999 xx 000 0 und d a8126509041 aEnglish aS. Haykin 0aCommunication Systemscby S. Haykin a4th bWiley IndiaaNew Delhic2012 a816 aECE